[Event "Somerset op"]
[Site "Somerset"]
[Date "1992.??.??"]
[Round "?"]
[White "Levin, David"]
[Black "Marcus, Yair"]
[Result "1/2-1/2"]
[WhiteElo "2295"]
[BlackElo "2205"]
[PlyCount "104"]
[EventDate "1992.??.??"]
[EventType "swiss"]
[EventRounds "7"]
[EventCountry "USA"]
[SourceTitle "EXT 2000"]
[Source "ChessBase"]
[SourceDate "1999.11.16"]
[SourceVersion "1"]
[SourceVersionDate "1999.11.16"]
[SourceQuality "1"]

1. d4 Nf6 2. c4 g6 3. Nc3 Bg7 4. e4 d6 5. f3 0-0 6. Be3 e5 7. Nge2 c6 8. Qd2 Nbd7 9. 0-0-0 a6 10. Kb1 b5 11. Ng3 b4 12. Na4 Qa5 13. b3 exd4 14. Bxd4 Rd8 15. Be2 c5 16. Be3 h5 17. h4 Bb7 18. Bh6 Bh8 19. Bd3 Bc6 20. Nb2 Qc7 21. Bc2 Ne5 22. Bg5 a5 23. Qf4 Qe7 24. Nf1 a4 25. bxa4 Nxc4 26. Nxc4 Bxa4 27. Rd2 Bxc2+ 28. Rxc2 b3 29. Rb2 bxa2+ 30. Ka1 d5 31. exd5 Qe1+ 32. Qc1 Qxc1+ 33. Bxc1 Nxd5 34. Nfe3 Nb4 35. f4 Nd3 36. Rd1 Nxc1 37. Rxc1 Bxb2+ 38. Nxb2 Rdb8 39. Ned1 Rb3 40. Rxc5 Rg3 41. Rg5 Raa3 42. Nc4 Rxg5 43. fxg5 Ra4 44. Ndb2 Ra6 45. Nd3 Kg7 46. g3 Rc6 47. Nde5 Ra6 48. Nf3 Kf8 49. Nfd2 Ke7 50. Ne4 Ra4 51. Ncd2 Ra3 52. Nc4 Ra4 1/2-1/2